Word Ladder: Oscars Accountants Quiz Stats

 Plays Quiz Updated Jul 22, 2017

Support Sporcle.
Go Orange.
Score 0/35 Timer 05:00
0 Plays Today
Clue % Correct
How much something costs•PRICE•
95.7%
Mariah who sings 'Always Be My Baby'CAREY
93.8%
Use a mouseCLICK
92.5%
Chili con ____CARNE
92.1%
Poke with a needlePRICK
90.7%
Sound that follows a toastCLINK
90.4%
Use the garden hose•WATER•
89.5%
Country music singer PatsyCLINE
88.8%
Friendly betWAGER
88.6%
Provide the food at a special eventCATER
88.2%
Person in charge of the rides at the fairCARNY
88.1%
Watson's DNA partnerCRICK
85.6%
Famous code inventorMORSE
84.4%
Herman Wouk's 'The ____ Mutiny'CAINE
84%
Content cat sounds•PURRS•
83.1%
Secretariat e.g.HORSE
82.3%
AirBNB offering•HOUSE•
80.4%
The 'C' of USMCCORPS
76.3%
Clue % Correct
Governmental overthrowsCOUPS
76.1%
Insect that will give you a bad hair dayLOUSE
73.2%
PrankCAPER
72.7%
'Little Deuce _____' (Beach Boys hit)•COUPE•
72.7%
Death, in ItalianMORTE
72.4%
Type of motorbikeMOPED
71.4%
Found a way to manageCOPED
71.1%
Like Superman or BatmanCAPED
70.8%
Old term for a basketball playerCAGER
68.2%
Jerry Seinfeld's fictional dadMORTY
67.9%
Reluctant to commitCAGEY
67.6%
How the Incredibles are known when they are not in costumePARRS
65.7%
Amsterdam of 'The Dick Van Dyke Show'MOREY
65.6%
Brooding and depressedMOPEY
65.2%
Jeweler's magnifying glassLOUPE
64.9%
Singer Vicki and Raiders QB DerekCARRS
63.5%
ComplainsCARPS
63.5%

Today's Daily Dose

You're not logged in!

Compare scores with friends on all Sporcle quizzes.
OR
Log In
Forgot?

From the Vault

Name One of the First Three Movies That...

by DarkPhalanx

Time to become a cinephile, we suppose.
Remove Ads.
Support Sporcle.
Get the best of Sporcle when you Go Orange. This ad-free experience offers more features, more stats, and more fun while also helping to support Sporcle. Thank you for becoming a member.

Show Comments

Extras

Top Quizzes Today


Score Distribution

Your Account Isn't Verified!

In order to create a playlist on Sporcle, you need to verify the email address you used during registration. Go to your Sporcle Settings to finish the process.

Report this User

Report this user for behavior that violates our Community Guidelines.

Details: